|
|
|
|
| LEADER |
00000nab a2200000 a 4500 |
| 001 |
vtls000621075 |
| 003 |
SK-MaSNL |
| 005 |
20260303232909.0 |
| 008 |
160314c1996 xo 0 slo |
| 015 |
|
|
|a SNBRB19rr/mm-uuuuu
|
| 035 |
|
|
|a CL0621214
|
| 040 |
|
|
|a SNKBUCL
|b slo
|c SNKBUCL
|e AACR2
|
| 041 |
0 |
|
|a slo
|
| 044 |
|
|
|a xo
|c SK
|
| 080 |
|
|
|a 82.09:830 (437)-3(048)
|2 1981
|
| 080 |
|
|
|a 830 (437)-3(048)
|2 1981
|
| 080 |
|
|
|a 830 (437)-84(048)
|2 1981
|
| 100 |
1 |
|
|a Petrík, Vladimír,
|d 1929-2017
|4 aut
|9 171168
|
| 245 |
1 |
0 |
|a Franz Kafka a my
|c Vladimír Petrík
|
| 300 |
|
|
|b Fotogr. 1
|
| 650 |
0 |
7 |
|a prózy psychologické
|2 snkbucl
|9 893892
|
| 650 |
0 |
7 |
|a aforizmy
|2 snkbucl
|9 75179
|
| 700 |
1 |
|
|a Kafka, Franz,
|d 1883-1924
|4 aut
|9 222448
|
| 773 |
0 |
|
|x 1210-1982
|t Knižná revue
|g Roč. 6, č. 13 (1996), s. 5
|
| 787 |
0 |
8 |
|i Rec.:
|a Kafka, Franz
|t Krátke prózy 1
|d Bratislava : CAUSA editio, 1996
|
| 850 |
|
|
|a Slovenská národná knižnica v Martine
|a MTA001
|
| 852 |
|
|
|a SNK
|b KIS3GCP
|
| 958 |
|
|
|a NX
|
| 958 |
|
|
|a CZ
|
| 958 |
|
|
|a DE
|
| 958 |
|
|
|a LX
|
| 958 |
|
|
|a RK
|
| 958 |
|
|
|a RBX
|
| 999 |
|
|
|c 2274530
|d 2276460
|